Abingdon Dictionary of Living Religions (Record no. 9683)

MARC details
000 -LEADER
fixed length control field 00462nam a2200181 a 4500
020 ## - INTERNATIONAL STANDARD BOOK NUMBER
ISBN 0687098
082 00 - DEWEY DECIMAL CLASSIFICATION NUMBER
Classification number 200 CRI
-- 291.0321 CRI
100 ## - MAIN ENTRY--AUTHOR NAME
Author name Crim, Keith
245 ## - TITLE STATEMENT
Title Abingdon Dictionary of Living Religions
260 ## - PUBLICATION, DISTRIBUTION, ETC. (IMPRINT)
Place of publication New York
Name of publisher Abingdon Press
Year of publication 1981
300 ## - PHYSICAL DESCRIPTION
Number of Pages 830p
500 ## - GENERAL NOTE
General note includes index and biblioraphy
505 2# - FORMATTED CONTENTS NOTE
Formatted contents note Index
650 ## - SUBJECT ADDED ENTRY--TOPICAL TERM
Topical Term Dictionary-Religion
650 ## - SUBJECT ADDED ENTRY--TOPICAL TERM
Topical Term Religion-Dictionary
942 ## - ADDED ENTRY ELEMENTS (KOHA)
Koha item type Books
700 1# -
-- Crim, Keith
Holdings
Collection code Home library Current library Shelving location Date acquired Cost, normal purchase price Full call number Accession Number Koha item type
Reference Henry Martyn Institute Library Henry Martyn Institute Library Reference 07/20/2007 621.00 200 CRI 015082 Books
                   Copyright © 2026 | Henry Martyn Institute | Hyderabad | TS-500052 | INDIA | Implemented by hmi.edu.in
Hit-Count:

Powered by Koha